The Long and Winding Road Lyrics - The Beatles - Statistics

General Stats
  • This quiz has been taken 105 times
  • The average score is 16 of 19
Answer Stats
Hint Answer % Correct
Leads me to ____ door your
100%
It always _____ me here leads
94%
You left me standing here a long, ____ time ago long
94%
You left me standing here a long, ____ time ago long
94%
The long and winding road that leads to ____ ____ your door
93%
I've seen that ____ before road
91%
Why leave me ________ ____ standing here
90%
And still they lead me back __ ___ ____ and winding road to the long
90%
But still they lead me back __ ___ ____ and winding road to the long
90%
Let me know the ___ way
90%
The wild and windy night that the ____ washed away rain
89%
Has left a pool of _____ tears
89%
Crying for the ___ day
88%
Will never _________ disappear
88%
Many times I've been _____ and many times I've cried alone
85%
Don't leave me _______ ____, lead me to you door waiting here
83%
____, yeah, yeah, yeah yeah
73%
______ you'll never know the many ways I've tried anyway
62%
Don't keep me waiting here (Don't ____ __ ____), lead me to you door keep me wait
55%
No matching quizzes found
Score Distribution
Percent of People with Each Score
Percentile by Number Answered
Your Score History
You have not taken this quiz